Harmonizácia krytých dlhopisov v podmienkach bankových sektorov eurozóny. diplomová práca

Salvato in:
Dettagli Bibliografici
Autore principale: Foriš, Tobias
Ente Autore: Národohospodárska fakulta EU. Katedra bankovníctva a medzinárodných financií
Altri autori: Horvátová, Eva, 1958-
Natura: Libro
Lingua:slovacco
Pubblicazione: Bratislava 2024
Tags: Aggiungi Tag
Nessun Tag, puoi essere il primo ad aggiungerne!!

MARC

LEADER 00000nbm a2200000 4500
001 0300781
005 20241104113042.7
041 0 |a slo 
044 |a SK 
245 1 0 |a Harmonizácia krytých dlhopisov v podmienkach bankových sektorov eurozóny.  |b diplomová práca  |c Tobias Foriš ; školiteľ: Eva Horvátová 
264 1 |a Bratislava  |c 2024 
300 |a 65 s. 
100 1 |a Foriš, Tobias 
700 1 |a Horvátová, Eva, 1958- 
710 2 |a Národohospodárska fakulta EU. Katedra bankovníctva a medzinárodných financií